000 00777nam a2200217Ia 4500
005 20241129111511.0
008 241129s9999||||xx |||||||||||||| ||und||
020 _a978-93-90702-70-1
037 _aTB
040 _aCRL
_bhin
_cCRL
041 _ahin
_2hin
084 _aY7:32716 152R2
_qCRL
100 _aचक्रवात, आलोक कुमार, संपा.
245 0 _aबिरसा मुंडा: जनजातीय गौरव
_cचक्रवात, आलोक कुमार, संपा.
260 _aदिल्ली, भारत
_bकिताबवाले
_c2022
300 _a203पृ0
365 _aINR
_b2100
650 _aSociologyRace
_9726218
942 _cTB
_hY7:32716 152R2
999 _c1230738
_d1230738